000 00862nam a2200289Ia 4500
003 OSt
005 20221006153615.0
006 a|||||r|||| 00| 0
007 ta
008 221006b |||||||| |||| 00| 0 eng d
020 _a9780521772723
_cW 85,640 (each)
024 _a32,837
037 _bGift, Korean Embassy
_cTextual
040 _aEASL
_cEASL
_beng
041 _2eng
_aeng
082 _aX.495, P0;
100 _aKim Samuel S Ed.
_9647516
245 0 _aKorea's globalization
260 _aUK
_bCambridge University Press
_c2000
300 _a306p. each
_ccm.
490 _v KEL
_aCambridge Asia- Pacific studies
650 _a KEL
650 _a Korea - Social policy
_9647517
650 _aKorea - Economic policy
_9647518
942 _hX.495, P0;
_cTEXL
_2CC
999 _c1100923
_d1100923